[Event "European Rapid 2022"]
[Site "Katowice POL"]
[Date "2022.12.17"]
[Round "4.65"]
[White "Salgovic, Simon"]
[Black "Madan, Augustin"]
[Result "0-1"]
[BlackTitle "IM"]
[WhiteElo "2049"]
[BlackElo "2292"]
[WhiteFideId "14943581"]
[BlackFideId "1210327"]
[EventDate "2022.12.17"]

1. e4 c5 2. Nf3 d6 3. d4 cxd4 4. Nxd4 Nf6 5. Nc3 a6 6. Bc4 e6 7. Bb3 b5 8. O-O
Be7 9. a3 O-O 10. Bg5 Qc7 11. Qe2 Bb7 12. Kh1 Nbd7 13. Ba2 Nc5 14. Bxf6 Bxf6 15.
Rad1 Nd7 16. f4 Qb6 17. Nxe6 fxe6 18. Bxe6+ Kh8 19. Bxd7 Qc7 20. Be6 Bxc3 21.
bxc3 Rae8 22. Bd5 Bxd5 23. Rxd5 Qxc3 24. Rxd6 Qxa3 25. Rd7 Qc3 26. e5 Qc6 27.
Qg4 Rg8 28. Rfd1 Qxc2 29. e6 Qe4 30. R7d6 a5 31. h3 b4 32. R1d4 Qe1+ 33. Kh2 b3
34. Rb6 Qe3 35. f5 a4 36. Rb7 Qe5+ 37. Kh1 a3 38. Rxb3 a2 39. Ra3 Qe1+ 40. Kh2
a1=Q 41. Rxa1 Qxa1 42. Qh4 Rgf8 43. Qg4 Qa5 0-1

[Event "European Rapid 2022"]
[Site "Katowice POL"]
[Date "2022.12.17"]
[Round "4.66"]
[White "Ternault, Mathieu"]
[Black "Szczurek, Krzysztof"]
[Result "1-0"]
[WhiteTitle "FM"]
[BlackTitle "FM"]
[WhiteElo "2351"]
[BlackElo "2163"]
[WhiteFideId "20641532"]
[BlackFideId "1185489"]
[EventDate "2022.12.17"]

1. d4 Nf6 2. Nf3 d5 3. Bf4 c5 4. e3 Nc6 5. Nbd2 Bg4 6. Bb5 e6 7. h3 Bh5 8. g4
Bg6 9. Ne5 Qb6 10. c4 cxd4 11. exd4 Bb4 12. Qa4 Bxd2+ 13. Bxd2 O-O 14. c5 Qc7
15. Bxc6 bxc6 16. Qxc6 Qe7 17. f3 Rfc8 18. Qa4 Ne8 19. O-O f6 20. Nxg6 hxg6 21.
Rae1 Kf7 22. Bf4 Qb7 23. Rf2 Rc6 24. b4 a6 25. Qb3 Nc7 26. a4 Rd8 27. Bxc7 Qxc7
28. Kg2 Qf4 29. b5 axb5 30. axb5 Rcc8 31. Qe3 Qxe3 32. Rxe3 e5 33. c6 exd4 34.
Rd3 Ke6 35. Rxd4 Kd6 36. Rc2 Rc7 37. Rb4 Rb8 38. Kf2 Re7 39. b6 1-0

[Event "European Rapid 2022"]
[Site "Katowice POL"]
[Date "2022.12.17"]
[Round "4.67"]
[White "Peglau, Charis"]
[Black "Maier, Christian"]
[Result "0-1"]
[BlackTitle "IM"]
[WhiteElo "2008"]
[BlackElo "2315"]
[WhiteFideId "16219996"]
[BlackFideId "4601955"]
[EventDate "2022.12.17"]

1. d4 Nf6 2. Nf3 d6 3. g3 g6 4. Bg2 Bg7 5. O-O O-O 6. b3 a5 7. Bb2 a4 8. c4 Nbd7
9. Nc3 axb3 10. axb3 Rxa1 11. Bxa1 c6 12. Qc2 e5 13. dxe5 dxe5 14. Rd1 Qe7 15.
e3 Nc5 16. b4 Bf5 17. Qe2 Nb3 18. b5 e4 19. Nd4 Bg4 20. f3 exf3 21. Bxf3 Bxf3
22. Qxf3 Nxa1 23. Rxa1 Qb4 24. Rc1 Qxc4 25. bxc6 bxc6 26. Qxc6 Qd3 27. Qf3 h5
28. Nd1 Ng4 29. Rc3 Qb1 30. h3 Nxe3 31. Rxe3 Bxd4 32. Kh2 Bxe3 33. Nxe3 Qd3 34.
Qf4 Re8 35. Ng2 Qe2 36. Qf6 Rc8 37. Qd6 Rc2 38. Qd8+ Kg7 39. Qd4+ Kh7 40. Qd5
Qf2 41. h4 Rc1 42. g4 Qg1+ 43. Kg3 Rc3+ 44. Kf4 Qf2+ 45. Kg5 f6# 0-1

[Event "European Rapid 2022"]
[Site "Katowice POL"]
[Date "2022.12.17"]
[Round "4.68"]
[White "Dragicevic, Drazen"]
[Black "Zamekhovskiy, Yevgen"]
[Result "1/2-1/2"]
[WhiteTitle "FM"]
[WhiteElo "2345"]
[BlackElo "2095"]
[WhiteFideId "1707922"]
[BlackFideId "14174413"]
[EventDate "2022.12.17"]

1. Nf3 Nf6 2. g3 g6 3. Bg2 Bg7 4. O-O O-O 5. d4 d6 6. a4 a5 7. Na3 Nc6 8. Nc4
Qe8 9. b3 e5 10. dxe5 Ng4 11. Bb2 Ngxe5 12. Nfxe5 Nxe5 13. Nxe5 Bxe5 14. Bxe5
Qxe5 15. Qd2 Re8 16. e3 c6 17. e4 Be6 18. Rad1 Rad8 19. f4 Qc5+ 20. Qf2 Qxf2+
21. Rxf2 f5 22. Rfd2 fxe4 23. Rxd6 Rxd6 24. Rxd6 Bf5 25. Kf1 Kf7 26. Ke2 e3 27.
c3 Bc2 28. Rd7+ Re7 29. Rxe7+ Kxe7 30. b4 axb4 31. cxb4 Bxa4 32. Kxe3 Bb3 33. h4
Kd6 34. Be4 Bg8 35. Kd4 b6 36. Bf3 c5+ 37. bxc5+ bxc5+ 38. Kc3 Bf7 39. Be4 1/2-1/2

[Event "European Rapid 2022"]
[Site "Katowice POL"]
[Date "2022.12.17"]
[Round "4.69"]
[White "Tisaj, Domen"]
[Black "Niezhentsev, Kyrylo"]
[Result "0-1"]
[WhiteTitle "FM"]
[WhiteElo "2396"]
[BlackElo "2052"]
[WhiteFideId "14628708"]
[BlackFideId "34126660"]
[EventDate "2022.12.17"]

1. d4 Nf6 2. c4 e6 3. g3 c6 4. Bg2 d5 5. Nf3 b6 6. O-O Be7 7. Nc3 O-O 8. Qd3 Ba6
9. b3 Nbd7 10. e4 Rc8 11. e5 Ne8 12. Re1 c5 13. Nb5 Bxb5 14. cxb5 Nc7 15. a4 Ra8
16. dxc5 bxc5 17. b4 a6 18. bxc5 Nxc5 19. Qc2 axb5 20. a5 N7a6 21. Bf1 Qd7 22.
Nd4 Rfb8 23. Rb1 b4 24. Be3 Ra7 25. Rec1 Rc7 26. Qe2 Rcb7 27. Qd1 Rc7 28. Rb2
Na4 29. Rbc2 N6c5 30. Rb1 Rcb7 31. a6 Ra7 32. Nb3 Rc7 33. Nxc5 Bxc5 34. Bxc5
Rxc5 35. Rxc5 Nxc5 36. Qd4 Qe7 37. a7 Qxa7 38. Rxb4 Rxb4 39. Qxb4 Ne4 40. Qb2 g6
41. Bd3 Qa4 42. Kg2 Nc5 43. Qb8+ Kg7 44. Be2 Qc2 45. Kf1 Qc1+ 46. Kg2 Qd2 47.
Kf1 Ne4 48. Qa7 d4 49. Qd7 Qc1+ 50. Kg2 Qe1 51. Bc4 Qxf2+ 52. Kh1 Qf3+ 53. Kg1
Qe3+ 54. Kg2 Qd2+ 55. Kg1 Qc1+ 0-1

[Event "European Rapid 2022"]
[Site "Katowice POL"]
[Date "2022.12.17"]
[Round "4.70"]
[White "Vedrickas, Tautvydas"]
[Black "Karvatskyi, Oleksii"]
[Result "1-0"]
[WhiteTitle "FM"]
[WhiteElo "2358"]
[BlackElo "1995"]
[WhiteFideId "12802654"]
[BlackFideId "14191059"]
[EventDate "2022.12.17"]

1. d4 Nf6 2. c4 g6 3. Nc3 d5 4. cxd5 Nxd5 5. e4 Nxc3 6. bxc3 Bg7 7. Bg5 c5 8.
Rc1 O-O 9. d5 Qc7 10. Nf3 Bg4 11. Be2 Re8 12. O-O Bxf3 13. Bxf3 h6 14. Be3 Nd7
15. Qd2 Kh7 16. c4 Rad8 17. g3 e5 18. Bg2 Qd6 19. Rb1 b6 20. f4 Re7 21. f5 g5
22. f6 Nxf6 23. Rf5 Ng4 24. Bh3 Nf6 25. Rbf1 Rf8 26. Qe2 Kg8 27. Bg2 Ne8 28. h4
f6 29. Qh5 Qd7 30. hxg5 fxg5 31. Rxf8+ Bxf8 32. Bh3 Qd6 33. Be6+ Rxe6 34. Qf7+
Kh8 35. dxe6 Ng7 36. Qxf8+ Kh7 37. Qxd6 h5 38. Rf7 h4 39. Qe7 Kg6 40. Rxg7+ Kh5
41. Qxg5# 1-0

[Event "European Rapid 2022"]
[Site "Katowice POL"]
[Date "2022.12.17"]
[Round "4.71"]
[White "Pultinevicius, Paulius"]
[Black "Barwinska, Ewa"]
[Result "1-0"]
[WhiteTitle "GM"]
[BlackTitle "WCM"]
[WhiteElo "2561"]
[BlackElo "1913"]
[WhiteFideId "12809390"]
[BlackFideId "21833761"]
[EventDate "2022.12.17"]

1. d4 d5 2. Bf4 Nf6 3. e3 e6 4. Nd2 Bd6 5. Bg3 c5 6. c3 O-O 7. Ngf3 Nc6 8. Bb5
a6 9. Bxc6 bxc6 10. Qa4 Bb7 11. Bxd6 Qxd6 12. Qa3 Nd7 13. Nb3 e5 14. dxe5 Nxe5
15. Nxe5 Qxe5 16. Qxc5 f5 17. Na5 Rab8 18. O-O Ba8 19. b4 Rf6 20. Qd4 Qe7 21.
Nb3 Rg6 22. f3 Re8 23. Rae1 Qg5 24. Rf2 f4 25. e4 dxe4 26. Rxe4 Rd8 27. Qc4+ Kh8
28. Qe2 h6 29. Re8+ Kh7 30. Rxd8 Qxd8 31. Nc5 a5 32. a3 axb4 33. axb4 Rf6 34.
Qc2+ Kh8 35. Rd2 Qe8 36. Qe4 Rf8 37. Qxe8 Rxe8 38. Kf2 Kh7 39. Rd6 g5 40. Re6
Rxe6 41. Nxe6 Bb7 42. Nc5 Bc8 43. c4 h5 44. b5 cxb5 45. cxb5 g4 46. b6 Kg6 47.
b7 Bxb7 48. Nxb7 Kg5 49. Nd6 h4 50. fxg4 Kxg4 51. h3+ 1-0

[Event "European Rapid 2022"]
[Site "Katowice POL"]
[Date "2022.12.17"]
[Round "4.72"]
[White "Oleksiyenko, Mykhaylo"]
[Black "Walter, Ema"]
[Result "1-0"]
[WhiteTitle "GM"]
[WhiteElo "2594"]
[BlackElo "2041"]
[WhiteFideId "4152417"]
[BlackFideId "14960710"]
[EventDate "2022.12.17"]

1. e4 e5 2. Nf3 Nc6 3. Bb5 Nge7 4. O-O Ng6 5. d4 exd4 6. Nxd4 Bc5 7. Nb3 Bb6 8.
Nc3 O-O 9. Nd5 Nce7 10. Nxb6 axb6 11. f4 f5 12. e5 c6 13. Bc4+ Kh8 14. Be3 b5
15. Be2 b6 16. Qd4 Nd5 17. Qd2 d6 18. exd6 Qxd6 19. Bxb6 Ngxf4 20. Bc5 Qg6 21.
Rxf4 Nxf4 22. Qxf4 Re8 23. Bf3 Bd7 24. Rd1 Qe6 25. Qc7 Rad8 26. h3 h6 27. Bb6
Kh7 28. Qd6 Qxd6 29. Rxd6 Rb8 30. Bc7 Rb7 31. Rxd7 Rc8 32. Bxc6 Rbxc7 33. Rxc7
Rxc7 34. Nd4 b4 35. Bb5 g6 36. a4 bxa3 37. bxa3 Kg8 38. a4 Kf7 39. a5 Ke7 40. a6
Kd6 41. Bc6 Rxc6 42. Nxc6 Kxc6 43. Kf2 Kb6 44. Ke3 Kxa6 45. Kd4 Kb6 46. Ke5 1-0

[Event "European Rapid 2022"]
[Site "Katowice POL"]
[Date "2022.12.17"]
[Round "4.73"]
[White "Hercog, Nusa"]
[Black "Piorun, Kacper"]
[Result "0-1"]
[WhiteTitle "WFM"]
[BlackTitle "GM"]
[WhiteElo "2057"]
[BlackElo "2611"]
[WhiteFideId "14614324"]
[BlackFideId "1130420"]
[EventDate "2022.12.17"]

1. d4 g6 2. c4 Bg7 3. Nc3 c5 4. d5 Bxc3+ 5. bxc3 f5 6. Nf3 Nf6 7. h4 Qa5 8. Qc2
d6 9. e3 Nbd7 10. Bd3 Nb6 11. O-O Bd7 12. Nd2 Na4 13. Bb2 O-O-O 14. Rab1 Kb8 15.
Ba1 Qc7 16. e4 fxe4 17. Nxe4 Nxe4 18. Bxe4 Nb6 19. Bd3 Rdf8 20. f4 Rf6 21. Bb2
Bf5 22. Bc1 Qd7 23. Re1 Re8 24. Be4 Nxc4 25. Qb3 Nb6 26. c4 e6 27. Bb2 Rff8 28.
dxe6 Rxe6 29. Bxf5 Rxf5 30. g3 Rf8 31. Bc3 Rfe8 32. Rxe6 Qxe6 33. Ba5 Qxc4 34.
Bxb6 Qxb3 35. Bxa7+ Kxa7 36. Rxb3 c4 37. Rb1 Re2 38. a4 c3 39. Rc1 c2 40. g4 Rd2
41. f5 Rd1+ 0-1

[Event "European Rapid 2022"]
[Site "Katowice POL"]
[Date "2022.12.17"]
[Round "4.74"]
[White "Cieslak, Patryk"]
[Black "Davies, Nigel R"]
[Result "1-0"]
[BlackTitle "GM"]
[WhiteElo "2094"]
[BlackElo "2398"]
[WhiteFideId "21078882"]
[BlackFideId "404420"]
[EventDate "2022.12.17"]

1. e4 c5 2. Nf3 e6 3. d4 cxd4 4. Nxd4 a6 5. c4 Nf6 6. Nc3 Qc7 7. Qd3 b6 8. f4 d6
9. Be3 Nbd7 10. b4 Bb7 11. Be2 d5 12. exd5 exd5 13. Nxd5 Bxd5 14. cxd5 Bxb4+ 15.
Bd2 Bxd2+ 16. Qxd2 O-O 17. O-O Nxd5 18. Bf3 N7f6 19. Rac1 Qd7 20. Nc6 Rfe8 21.
Rfd1 Rac8 22. Bxd5 Nxd5 23. Qxd5 Qxd5 24. Ne7+ Kf8 25. Nxd5 b5 26. Nc7 Red8 27.
Rxd8+ Rxd8 28. Nxa6 Rd2 29. Nb4 Ke7 30. Rc2 1-0

[Event "European Rapid 2022"]
[Site "Katowice POL"]
[Date "2022.12.17"]
[Round "4.75"]
[White "Schneider, Ilja"]
[Black "Jedrusik, Adam"]
[Result "1-0"]
[WhiteTitle "IM"]
[WhiteElo "2483"]
[BlackElo "1951"]
[WhiteFideId "4663306"]
[BlackFideId "21802122"]
[EventDate "2022.12.17"]

1. e4 c6 2. d4 d5 3. exd5 cxd5 4. Nf3 Nc6 5. Bb5 Nf6 6. Ne5 Bd7 7. Nxd7 Qxd7 8.
c3 e6 9. O-O Bd6 10. Nd2 O-O 11. Re1 Qc7 12. g3 a6 13. Bd3 b5 14. Nf3 h6 15. a3
Rfb8 16. Kg2 a5 17. Be3 b4 18. cxb4 axb4 19. a4 b3 20. Bb5 Nb4 21. Rc1 Nc2 22.
Rf1 Rc8 23. Qd3 Ng4 24. Bd2 Qb6 25. h3 Nf6 26. Qxb3 Nxd4 27. Qe3 e5 28. Rxc8+
Rxc8 29. Bc3 Bc5 30. Bxd4 Bxd4 31. Nxd4 exd4 32. Qd3 Ne4 33. Rd1 Qf6 34. Qxd4
Qxd4 35. Rxd4 Rc2 36. b4 Rxf2+ 37. Kg1 Rb2 38. a5 Nc3 39. Bf1 Rb1 40. Kg2 Rb2+
41. Kf3 Ne4 42. Bd3 Nc3 43. b5 Kf8 44. b6 Ke7 45. a6 Nd1 46. g4 h5 47. gxh5 Rxb6
48. a7 Rf6+ 49. Rf4 1-0

[Event "European Rapid 2022"]
[Site "Katowice POL"]
[Date "2022.12.17"]
[Round "4.76"]
[White "Hjartarson, Johann"]
[Black "Parol, Pola"]
[Result "1-0"]
[WhiteTitle "GM"]
[BlackTitle "WFM"]
[WhiteElo "2476"]
[BlackElo "2041"]
[WhiteFideId "2300044"]
[BlackFideId "1163116"]
[EventDate "2022.12.17"]

1. e4 c5 2. Ne2 e5 3. Nec3 Nf6 4. Bc4 Nc6 5. d3 h6 6. Nd2 Be7 7. Nf1 O-O 8. Ne3
d6 9. a3 a6 10. O-O b5 11. Ba2 b4 12. axb4 cxb4 13. Ncd5 Nxd5 14. Bxd5 Bb7 15.
c3 Bg5 16. Nf5 Bxc1 17. Rxc1 bxc3 18. Rxc3 Na5 19. Qg4 Qf6 20. b4 Bxd5 21. exd5
Nb7 22. Rc7 Nd8 23. Rd7 Rb8 24. Rxd6 Qg5 25. Rxh6 f6 26. Rg6 Qxg4 27. Rxg4 g5
28. h4 Nf7 29. Rc1 Rfd8 30. Rc6 Rb7 31. Rxf6 Rxd5 32. hxg5 Rxd3 33. g6 Rd1+ 34.
Kh2 Nd8 35. g7 Nf7 36. Rxf7 Rxf7 37. Nh6+ Kh7 38. g8=Q+ Kxh6 39. Qg6# 1-0

[Event "European Rapid 2022"]
[Site "Katowice POL"]
[Date "2022.12.17"]
[Round "4.77"]
[White "Pla Almenar, Nel"]
[Black "Horvath, Dominik"]
[Result "0-1"]
[BlackTitle "IM"]
[WhiteElo "2038"]
[BlackElo "2502"]
[WhiteFideId "22273115"]
[BlackFideId "1642561"]
[EventDate "2022.12.17"]

1. Nf3 d5 2. b3 Nf6 3. Bb2 e6 4. c4 Be7 5. e3 O-O 6. d4 a6 7. Bd3 dxc4 8. bxc4
c5 9. O-O Nc6 10. Nbd2 cxd4 11. exd4 b6 12. Rc1 Bb7 13. Bb1 Rc8 14. Qe2 Re8 15.
Rfd1 Qd6 16. Ne4 Qf4 17. Qe3 Qxe3 18. fxe3 Na5 19. Ned2 Ng4 20. Re1 Red8 21. e4
Bb4 22. Re2 Nf6 23. a3 Bf8 24. Ne5 Nd7 25. Nxd7 Rxd7 26. d5 exd5 27. cxd5 Rxc1+
28. Bxc1 f5 29. e5 Bxd5 30. Bxf5 Bc5+ 31. Kh1 Re7 32. Nf3 h6 33. h3 Nc6 34. Bb2
Be6 35. Be4 Na5 36. Nh4 Nc4 37. Ba1 Rd7 38. Kh2 Rd1 39. Bc3 Ne3 40. Re1 Nf1+ 41.
Kh1 Ng3+ 42. Kh2 Rxe1 0-1

[Event "European Rapid 2022"]
[Site "Katowice POL"]
[Date "2022.12.17"]
[Round "4.78"]
[White "Larkin, Vladyslav"]
[Black "Zhuk, Ivan"]
[Result "0-1"]
[WhiteTitle "IM"]
[WhiteElo "2452"]
[BlackElo "2035"]
[WhiteFideId "14152894"]
[BlackFideId "13508342"]
[EventDate "2022.12.17"]

1. e4 e6 2. Nc3 d5 3. Nf3 c5 4. exd5 exd5 5. Bb5+ Nc6 6. d4 Nf6 7. O-O Be7 8.
dxc5 O-O 9. Nd4 Bxc5 10. Nxc6 bxc6 11. Bxc6 Ng4 12. Bxa8 Qh4 13. Bf4 Bxf2+ 14.
Kh1 Nxh2 15. g3 Qh3 16. Qh5 Qxh5 17. Rxf2 Ng4+ 18. Kg2 Nxf2 19. Kxf2 Qh2+ 20.
Kf3 Bg4+ 21. Kxg4 Rxa8 22. Nxd5 Qe2+ 23. Kh4 h6 24. Be3 Re8 0-1

[Event "European Rapid 2022"]
[Site "Katowice POL"]
[Date "2022.12.17"]
[Round "4.79"]
[White "Kyc, Jerzy"]
[Black "Rog, Bartlomiej"]
[Result "1-0"]
[WhiteElo "2230"]
[BlackElo "1969"]
[WhiteFideId "1163922"]
[BlackFideId "21857377"]
[EventDate "2022.12.17"]

1. e4 c5 2. Nf3 d6 3. d4 cxd4 4. Nxd4 Nf6 5. Nc3 a6 6. Bg5 Nbd7 7. f4 Qc7 8. Qf3
h6 9. Bxf6 Nxf6 10. f5 Qc5 11. O-O-O g5 12. fxg6 Bg4 13. gxf7+ Kxf7 14. Qd3 Bxd1
15. Nxd1 Bg7 16. Nf5 Qe5 17. Qb3+ d5 18. Bd3 Nxe4 19. Bxe4 Qxe4 20. Rf1 Bf6 21.
Nde3 Rad8 22. Qxb7 Qe5 23. Ng4 Qe2 24. Nfe3 Rd6 25. Qb4 h5 26. Ne5+ Ke8 27. Qa4+
Qb5 28. Qf4 Re6 29. Nd3 Bxb2+ 30. Nxb2 Rxe3 31. a4 Qb6 32. Qf7+ Kd7 33. Qxd5+
Qd6 34. Qb7+ Ke6 35. Nc4 Qc5 36. Qxa6+ Kd7 37. Qb7+ Ke6 38. Qa6+ Kd7 39. Qb7+
Ke6 40. Nxe3 Qxe3+ 41. Kb1 Rd8 42. Qb3+ Qxb3+ 43. cxb3 Rd2 44. Rc1 Rxg2 45. Rc2
Rg4 46. Kb2 Kd6 47. a5 e5 48. Ka3 e4 49. b4 e3 50. a6 Kd5 51. a7 Rg8 52. b5 Kd4
53. b6 Kd3 54. b7 Kxc2 55. b8=Q e2 56. Qxg8 e1=Q 57. Qb3+ 1-0

[Event "European Rapid 2022"]
[Site "Katowice POL"]
[Date "2022.12.17"]
[Round "4.80"]
[White "Petursson, Margeir"]
[Black "Samborski, Henryk"]
[Result "1-0"]
[WhiteTitle "GM"]
[BlackTitle "FM"]
[WhiteElo "2437"]
[BlackElo "2057"]
[WhiteFideId "2300028"]
[BlackFideId "1103849"]
[EventDate "2022.12.17"]

1. d4 Nf6 2. c4 d6 3. Nc3 g6 4. e4 Bg7 5. Be2 O-O 6. Bg5 h6 7. Be3 c6 8. Qd2 Kh7
9. f3 Qa5 10. Bd3 e5 11. d5 cxd5 12. cxd5 a6 13. Nge2 Nbd7 14. O-O b5 15. a3 Ne8
16. b4 Qd8 17. a4 bxa4 18. Rxa4 Nc7 19. Rfa1 Rb8 20. Nc1 Nb6 21. Ra5 f5 22. Nb3
f4 23. Bf2 g5 24. R5a2 g4 25. Na5 Qg5 26. Kh1 Qh5 27. Be2 g3 28. Bg1 Bf6 29. Bf1
Bd7 30. Nc6 Rb7 31. b5 Nxb5 32. Nxb5 axb5 33. Ra7 Rxa7 34. Rxa7 Rf7 35. Bxb5
Bxc6 36. Rxf7+ Qxf7 37. dxc6 Nc8 38. Ba6 gxh2 39. Bf2 Qc7 40. Bxc8 Qxc8 41. Qxd6
Qa6 42. Kxh2 Qf1 43. Qxf6 Qxf2 44. Qf5+ Kg8 45. Qg4+ 1-0

[Event "European Rapid 2022"]
[Site "Katowice POL"]
[Date "2022.12.17"]
[Round "4.81"]
[White "Kolesnikovs, Ivans"]
[Black "Psyk, Radoslaw"]
[Result "0-1"]
[WhiteElo "2052"]
[BlackElo "2438"]
[WhiteFideId "11602244"]
[BlackFideId "1182838"]
[EventDate "2022.12.17"]

1. c4 e5 2. Nc3 d6 3. e4 Nc6 4. Nf3 Bg4 5. Be2 g6 6. Nxe5 Nxe5 7. Bxg4 Nd3+ 8.
Kf1 Bg7 9. Qa4+ c6 10. Be2 Nc5 11. Qc2 Ne7 12. d3 O-O 13. h4 Ne6 14. Be3 f5 15.
f3 f4 16. Bf2 Bd4 17. Bd1 a5 18. Bxd4 Nxd4 19. Qf2 c5 20. Ba4 Qb6 21. Bb5 h6 22.
a4 Kh7 23. Re1 Qc7 24. h5 g5 25. Ne2 Nc2 26. Rc1 Ne3+ 27. Kg1 Ng8 28. d4 Qg7 29.
dxc5 dxc5 30. Nc3 g4 31. Nd5 gxf3 32. Qxf3 Qxb2 33. Re1 Nf6 34. Nxe3 fxe3 35.
Qf5+ Kh8 36. Kh2 Qf2 37. Rhf1 Qh4+ 38. Kg1 Ng4 0-1

[Event "European Rapid 2022"]
[Site "Katowice POL"]
[Date "2022.12.17"]
[Round "4.82"]
[White "Gaponenko, Inna"]
[Black "Starosta, Martyna"]
[Result "1/2-1/2"]
[WhiteTitle "IM"]
[BlackTitle "WCM"]
[WhiteElo "2341"]
[BlackElo "1991"]
[WhiteFideId "14101181"]
[BlackFideId "21818754"]
[EventDate "2022.12.17"]

1. e4 e6 2. d4 d5 3. exd5 exd5 4. Nf3 Nf6 5. Bd3 c5 6. O-O c4 7. Re1+ Be7 8. Bf1
O-O 9. b3 cxb3 10. axb3 Nc6 11. Ne5 Bf5 12. Nxc6 bxc6 13. Ba3 Re8 14. Nc3 Ne4
15. Nxe4 Bxe4 16. f3 Bg6 17. Qd2 h6 18. Bxe7 Rxe7 19. Bd3 Rxe1+ 20. Rxe1 Qf6 21.
Bxg6 Qxg6 22. Re7 Qf6 23. Qe3 Kf8 24. Re5 Qd6 25. Qf4 Qb4 26. h4 a5 27. Kh2 Qb8
28. Kg3 a4 29. bxa4 Rxa4 30. c3 Ra2 31. Kh3 Qb2 32. Qg4 Qb7 33. h5 Ra8 34. Re3
Qc8 35. Qxc8+ Rxc8 36. Kg4 Rb8 37. Kf5 Rb2 38. g4 Ra2 39. Re1 Rc2 40. Re3 Rb2
41. Re1 Rc2 42. Re3 Rb2 43. f4 Rf2 44. g5 hxg5 45. Kxg5 Rg2+ 46. Kf5 Rh2 47. Kg5
Rg2+ 48. Kf5 1/2-1/2

[Event "European Rapid 2022"]
[Site "Katowice POL"]
[Date "2022.12.17"]
[Round "4.83"]
[White "Ribeiro, Gustavo"]
[Black "Charkhalashvili, Inga"]
[Result "0-1"]
[BlackTitle "WGM"]
[WhiteElo "1836"]
[BlackElo "2273"]
[WhiteFideId "1941852"]
[BlackFideId "13601431"]
[EventDate "2022.12.17"]

1. b3 d5 2. Bb2 Nf6 3. Nf3 Bf5 4. e3 e6 5. c4 c6 6. Nc3 Be7 7. d4 O-O 8. cxd5
exd5 9. Bd3 Bg4 10. h3 Bh5 11. O-O Nbd7 12. Ne2 Bxf3 13. gxf3 Nh5 14. Ng3 Nxg3
15. fxg3 Bd6 16. Kg2 f5 17. Qc2 Qg5 18. f4 Qh5 19. Rae1 Rae8 20. Rf3 g6 21. g4
Qh4 22. Rh1 Qf6 23. gxf5 gxf5 24. Rg3+ Kh8 25. Kf3 Qe7 26. Bc1 Nf6 27. Bxf5 Qf7
28. Rhg1 Nh5 29. Rg5 Nf6 30. Qg2 Re7 31. h4 Ne8 32. Bd3 Ng7 33. Qg4 Qf6 34. h5
Qh6 35. Bd2 Ref7 36. Ke2 Be7 37. Rh1 Bxg5 38. fxg5 Qe6 39. Qxe6 Nxe6 40. g6 Rf2+
41. Ke1 hxg6 42. hxg6+ Kg8 43. Rh5 Rg2 44. Bb4 Rff2 45. Bf1 Rxa2 46. Bxg2 Rxg2
47. Bd6 Rxg6 48. Be5 Nf8 49. Kd2 Kf7 50. Kc3 Ke6 51. Rh8 Ke7 52. Bb8 a6 53. Ba7
Nd7 54. Bb8 Rg7 55. Bf4 Rf7 56. Bg5+ Ke6 57. Bf4 Kf5 58. Kd3 Nf6 59. Be5 Ne4 60.
Rg8 Ke6 61. Re8+ Kd7 62. Rb8 Rf2 63. Rxb7+ Ke6 0-1

[Event "European Rapid 2022"]
[Site "Katowice POL"]
[Date "2022.12.17"]
[Round "4.85"]
[White "Paehtz, Thomas"]
[Black "George, Matthew P"]
[Result "1/2-1/2"]
[WhiteTitle "GM"]
[WhiteElo "2339"]
[BlackElo "1999"]
[WhiteFideId "4611349"]
[BlackFideId "407763"]
[EventDate "2022.12.17"]

1. e4 c5 2. Nf3 d6 3. d4 cxd4 4. Nxd4 Nf6 5. Nc3 g6 6. Be3 a6 7. f3 h5 8. a4 e5
9. Nb3 Be6 10. Be2 Nbd7 11. a5 Qc7 12. O-O Rc8 13. Qe1 Be7 14. Qf2 d5 15. exd5
Nxd5 16. Nxd5 Bxd5 17. f4 O-O 18. fxe5 Qxe5 19. Nd4 Rce8 20. Bf4 Qg7 21. c3 Bc5
22. Rad1 Nf6 23. Bf3 Ne4 24. Qc2 f5 25. Bxe4 Rxe4 26. Qd3 Rfe8 27. Rd2 Qf7 28.
Qg3 Re2 29. Rxe2 Rxe2 30. Rf2 Re1+ 31. Rf1 Re2 32. Rf2 Re1+ 33. Rf1 Re2 34. Rf2 1/2-1/2

[Event "European Rapid 2022"]
[Site "Katowice POL"]
[Date "2022.12.17"]
[Round "4.86"]
[White "Heldt, Nils-Lennart"]
[Black "Plaskan, Jure"]
[Result "0-1"]
[WhiteElo "2070"]
[BlackElo "2241"]
[WhiteFideId "12952109"]
[BlackFideId "14605252"]
[EventDate "2022.12.17"]

1. d4 Nf6 2. c4 e6 3. Nc3 d5 4. cxd5 exd5 5. Bg5 Be7 6. e3 c6 7. Qc2 O-O 8. Bd3
h6 9. Bh4 Nbd7 10. Nge2 Re8 11. O-O b5 12. a3 Qb6 13. f3 Nf8 14. Bf2 Bd7 15. h3
c5 16. dxc5 Bxc5 17. Nd4 Rac8 18. b4 Bxd4 19. exd4 Ne6 20. Qd2 Nf4 21. Qxf4 Rxc3
22. Rfd1 Qb8 23. Qd2 Rec8 24. Be1 R3c6 25. Rac1 Qb6 26. Rc5 a6 27. Bf2 Be6 28.
Bb1 Nd7 29. Qd3 g6 30. Rxc6 Qxc6 31. Qd2 Kg7 32. Be3 h5 33. Bh6+ Kh8 34. Bg5 Qc3
35. Qe2 Rc4 36. Bxg6 Rxd4 37. Rc1 Qxa3 38. Bxh5 Rc4 39. Re1 Qxb4 40. Bc1 Qc5+
41. Kh2 Rxc1 42. Qd2 Qc7+ 43. f4 Rxe1 0-1

[Event "European Rapid 2022"]
[Site "Katowice POL"]
[Date "2022.12.17"]
[Round "4.87"]
[White "Szolc, Grzegorz"]
[Black "Kokol, Peter"]
[Result "1/2-1/2"]
[BlackTitle "FM"]
[WhiteElo "2018"]
[BlackElo "2347"]
[WhiteFideId "1180835"]
[BlackFideId "14604523"]
[EventDate "2022.12.17"]

1. d4 Nf6 2. Bf4 c5 3. d5 b5 4. a4 Bb7 5. e4 Nxe4 6. axb5 e6 7. dxe6 fxe6 8. Nf3
Be7 9. Nbd2 O-O 10. Bg3 Nf6 11. Bd3 d6 12. O-O Nbd7 13. Re1 e5 14. c4 Re8 15.
Ng5 Nf8 16. Nge4 Ne6 17. Nxf6+ Bxf6 18. Qh5 g6 19. Qg4 Nd4 20. Ne4 Rf8 21. Nxf6+
Qxf6 22. Bh4 Qf7 23. Re3 a6 24. b6 Rae8 25. Rf1 Qg7 26. Qg3 e4 27. Bb1 Re5 28.
Bg5 Qf7 29. Bh6 Rfe8 30. Bf4 Nf5 31. Qg4 Nxe3 32. fxe3 Rf5 33. Rd1 d5 34. cxd5
Rxd5 35. Rxd5 Qxd5 36. h4 Rd8 37. Kh2 Bc8 38. Qg3 Bd7 39. Bc7 Re8 40. Ba2 Qxa2
41. b7 Qxb2 42. b8=Q Rxb8 43. Bxb8 Qf6 44. Be5 Qe7 45. Bd6 Qe6 46. Bxc5 a5 47.
Qb8+ Be8 48. Bd4 a4 49. Qc7 Bd7 50. Qd8+ Be8 51. Qc7 Bd7 52. Qd8+ Kf7 53. Qh8 h5
54. Qg7+ Ke8 55. Qh8+ Kf7 56. Qg7+ Ke8 57. Qh8+ 1/2-1/2